000 00684nam a22002297a 4500
005 20170124110110.0
010 _a490073
020 _c00.00
035 _a490073
037 _bCen Lib/Ret
040 _aDPL
_bEN
082 _a954.33
_bWOO
100 _aWoodcock, George
_928829
245 _aKerala :
_cby George Woodcock
_ba portrait of the Malabar Coast /
260 _bFaber and Faber
_c1967
_aLondon
270 _a24 Russell Square
300 _a323p. :
_c21cm(Hb)
_bill.
500 _aIncludes bibliographical references and index.
650 _aKerala (India) -- History
_928830
650 _aIndia -- Kerala
_924117
942 _2ddc
_cEN
_h954.33
_mWOO
999 _c130295
_d130295